LEADER 01807nam a2200385 u 4500 001 000000041149 003 CaOOAMICUS 005 20070226114200.0 008 981021s1998 fr ah u000 u fre u 020 $a2204060828 035 $a10806124 040 $aEFR$bita$dBAV 041 1 $afre$alat 100 0 $aGaland,$cdi Reigny,$dm. 1128.$0(OLS)http://pul/name/9822 240 10$aLibellus proverbiorum$9(Galand, di Reingy, m. 1128).$lLatino e francese.$0(OLS)http://pul/title/55534 245 10$aPetit livre de proverbes /$cGaland de Reigny ; introduction, texte critique, traduction, notes et index par Jean Châtillon, Maurice Dumontier, Alexis Grélois. 260 $aParis :$bCerf,$c1998. 300 $a229 p., [1] p. de pl. :$bfac-sim. ;$c19 cm 490 1 $aSources chrétiennes ;$v436 500 $aTexte latin avec traduction française en regard. 500 $aIndex: p. [211]-229. 504 $aBibliographie: p. [11]-12. 630 00$aBible.$pO.T.$pProverbs.$2//eng$0(OLS)http://pul/subject/18566 650 0$aProverbs, Latin$xTranslations into French.$2//eng$0(OLS)http://pul/subject/18567 700 1 $aGrélois, Alexis.$0(OLS)http://pul/name/30307 700 1 $aDumontier, Maurice.$0(OLS)http://pul/name/30306 700 1 $aChâtillon, Jean.$0(OLS)http://pul/name/4547 830 0$aSources chrétiennes,$x0750-1978 ;$v436.$0(OLS)http://pul/title/45 850 $aPUL 852 $aPUL$W1$xSL Religione 2$y84$mTheol E3 436$j55788$nBK-PRI$b $qStampati altre collocazioni$B55788$CPULBib$Z2$F55788 $H $81 941 1 $a10 961 $aINV: 88913 996 $6020$a2204060828$9(OLS)http://pul/number/51218 996 $6245$aPetit livre de proverbes$9(OLS)http://pul/title/55535 996 $6260$aParis :$bCerf$9(OLS)http://pul/publisher/48238 LEADER 01632nam a2200349 a 4500 001 000000140855 003 CaOOAMICUS 005 20141211111918.0 008 141211s2014 it u000 u ita r 020 $a978-88-6689-466-7 040 $aPUL$bita 082 $a348.45 110 1 $aItalia.$0(OLS)http://pul/name/1188 240 10$aCodice degli enti locali (2014).$0(OLS)http://pul/title/178213 245 10$aCodice degli enti locali :$bil testo unico e le leggi complementari /$ca cura di Francesco Bartolini, Michela Bartolini. 260 $aPiacenza :$bCELT La Tribuna,$c©2014. 300 $a877 p.$c19 cm 490 1 $aCodici vigenti 2014 500 $aSulla coperta: Aggiornato con la riforma delle Province e delle città metropolitane (L. 7/4/2014, n. 56). 500 $aTesto su due colonne. 650 4$aEnti locali$xDiritto e legislazione.$0(OLS)http://pul/subject/17994 700 1 $aBartolini, Francesco,$d1942-$0(OLS)http://pul/name/35926 700 1 $aBartolini, Michela.$0(OLS)http://pul/name/78725 830 0$aCodici vigenti 2014.$0(OLS)http://pul/title/178215 850 $aPUL 852 $aPUL$W1$xSL Diritto e Scienze Sociali 3$y79$m348. 45 COD 3.1.15$j162623$qDDC 21$B162241$CPULBib$Z2$F162241 $H125105 $82 941 1 $a9 996 $6020$a978-88-6689-466-7$9(OLS)http://pul/number/156477 996 $6082$a348.45$9(OLS)http://pul/classification/373 996 $6245$aCodice degli enti locali :$bil testo unico e le leggi complementari$9(OLS)http://pul/title/178214 996 $6260$aPiacenza :$bCELT La Tribuna$9(OLS)http://pul/publisher/83033